| 000 | 00456nam a22001817a 4500 | ||
|---|---|---|---|
| 003 | CEME | ||
| 005 | 20210628203946.0 | ||
| 008 | 210309b xxu||||| |||| 00| 0 eng d | ||
| 020 | _a0-8306-9241-X | ||
| 040 | _c. | ||
| 082 | _a621.381051 ERS'E | ||
| 100 |
_aErst, Stephen J _968013 |
||
| 245 | _aElectronic equipment handbook | ||
| 260 |
_aUSA _bTAB BOOKS _c1989 |
||
| 300 | _aIX, 245P | ||
| 650 |
_aELECTRONICS MATHEMATICS _968014 |
||
| 942 |
_cBK _2ddc |
||
| 999 |
_c575678 _d575678 |
||